Stolice państw członkowskich UE - nagła śmierć - Statystyki

Ogólne statystyki
  • Ten quiz został rozwiązany 123 razy
  • Średni wynik to 12 z 27
Answers on the Grid
Answers color-coded by a green-red scale on the quiz's grid according to % correct below.
Dublin
Lizbona
Madryt
Paryż
Rzym
Valletta
Luksemburg
Bruksela
Amsterdam
Kopenhaga
Sztokholm
Helsinki
Tallinn
Ryga
Wilno
Warszawa
Berlin
Praga
Wiedeń
Budapeszt
Bukareszt
Sofia
Ateny
Bratysława
Zagrzeb
Lublana
Nikozja
Mińsk
Kijów
Kiszyniów
Oslo
Berno
Reykjavik
Londyn
Barcelona
Sarajewo
Skopje
Tirana
Podgorica
Belgrad
 
Statystyki odpowiedzi
Odpowiedź % Poprawnych
Praga
58%
Madryt
56%
Rzym
56%
Lizbona
53%
Ateny
51%
Berlin
51%
Helsinki
51%
Warszawa
51%
Wiedeń
51%
Kopenhaga
49%
Ryga
49%
Sztokholm
49%
Bratysława
47%
Bruksela
47%
Dublin
47%
Paryż
47%
Amsterdam
44%
Budapeszt
42%
Bukareszt
42%
Luksemburg
42%
Wilno
42%
Zagrzeb
42%
Tallinn
38%
Lublana
36%
Nikozja
36%
Sofia
36%
Valletta
36%
Nie znaleziono quizów pasujących do podanych kryteriów
Rozkład punktacji
Procent ludzi z każdym wynikiem
Percentyl według liczby udzielonych odpowiedzi
Twoja historia wyników
Nie rozwiązałeś tego quizu